01904nam a2200481 i 450000100060000000300080000600500170001400600190003100700150005000800410006502000270010603500230013303500240015603500250018003500210020504000310022605000210025708000140027808200140029210000340030624501850034026400480052530000410057333600310061433700330064533800430067849000240072150000230074550400290076858801280079759001640092565000280108965000300111765000280114765000300117565500270120570000390123270000280127179700190129983000250131885600620134399900170140540909FlNmELB20241216221922.0m o d | cr cnu||||||||150226s2005 sp ob 001 0 spa d a9788415179429 (e-book) a(MiAaPQ)EBC3227420 a(Au-PeEL)EBL3227420 a(CaPaEBR)ebr11013358 a(OCoLC)991927119 aFINmELBbspaerdacFINmELB 4aTK146bT866 2005 a696.6.0590 a621.32231 aTrujillo del Campo, Tarsicio.10aManual de inspección en las instalaciones eléctricas de viviendas y 100 posibles fallos /cTarsicio Trujillo del Campo, José Manuel de la Cruz Gómez, Jacinto Gallego Calvo. 1aBarcelona :bEdiciones Experiencia,c[2005] a1 recurso en línea (156 páginas) atextobtxt2rdacontent/spa acomputadorabc2rdamedia/spa arecurso en líneabcr2rdacarrier/spa1 aGuías de bolsillo aContiene índice. aContiene bibliografía. aDescripción basada en recurso en línea; Título de la página del título en PDF (e-libro, visto February 26, 2015). aRecurso electrónico. Santa Fe, Arg.: e-libro, 2015. Disponible vía World Wide Web. El acceso puede estar limitado para las bibliotecas afiliadas a e-libro. 0aElectrical engineering. 4aIngeniería eléctrica. 0aBuildingsxMaintenance. 4aEdificiosxMantenimiento. 4aLibros electrónicos.1 aCruz Gómez, José Manuel de la.1 aGallego Calvo, Jacinto.2 ae-libro, Corp. 0aGuías de bolsillo.40uhttps://elibro.net/ereader/politecnicointernacional/41978 c40909d40909